[Event "X Obert Int Vila de Canovelles 2007"]
[Site "Canovelles (Spain)"]
[Date "2007.05.11"]
[Round "9.5"]
[White "Garcia Jimenez, Fransisco J"]
[Black "Gomez Benitez, David"]
[Result "0-1"]
[WhiteElo "2309"]
[BlackElo "2109"]
[PlyCount "72"]
[EventDate "2007.03.09"]

1. e4 e6 2. e5 c5 3. f4 Nc6 4. Nf3 d5 5. g3 Qb6 6. Bg2 Nge7 7. O-O Bd7 8. Kh1
h6 9. c3 g5 10. fxg5 hxg5 11. Nxg5 Nf5 12. Qe1 Bg7 13. d4 cxd4 14. Bf4 Qxb2 15.
Nd2 dxc3 16. Ndf3 c2 17. Rc1 Nb4 18. Nxf7 Kxf7 19. g4 Nd3 20. Qd2 Nxc1 21. gxf5
Nxa2 22. Ng5+ Ke8 23. fxe6 Bb5 24. Qxd5 Bc6 25. Qd3 Bxg2+ 26. Kg1 Bc6 27. Qg6+
Kd8 28. Qxg7 Qd4+ 29. Rf2 Qd1+ 30. Rf1 Qd4+ 31. Rf2 c1=Q+ 32. Bxc1 Qd1+ 33. Rf1
Qg4+ 34. Kf2 Rxh2+ 35. Ke3 Re2+ 36. Kd3 Bb5# 0-1

[Event "X Obert Int Vila de Canovelles 2007"]
[Site "Canovelles (Spain)"]
[Date "2007.05.11"]
[Round "9.6"]
[White "Rodriguez Barranco, Miquel A"]
[Black "Herms Agullo, Jordi"]
[Result "1-0"]
[WhiteElo "2105"]
[BlackElo "2128"]
[PlyCount "53"]
[EventDate "2007.03.09"]

1. e4 d5 2. exd5 Nf6 3. d4 Bg4 4. Nf3 Qxd5 5. Be2 Nc6 6. O-O O-O-O 7. c4 Qh5 8.
Nc3 Nxd4 9. Nxd4 Bxe2 10. Ncxe2 e5 11. Qa4 exd4 12. Nf4 Qc5 13. Nd3 Qf5 14. Rd1
Kb8 15. Bf4 Bd6 16. Bxd6 Rxd6 17. c5 Re6 18. Qxd4 Re4 19. Qc3 Rhe8 20. c6 Rg4
21. Ne5 Re4 22. Nd7+ Nxd7 23. cxd7 Rd8 24. Re1 Rxe1+ 25. Rxe1 g5 26. Qd4 c6 27.
Qd6+ 1-0

[Event "X Obert Int Vila de Canovelles 2007"]
[Site "Canovelles (Spain)"]
[Date "2007.05.11"]
[Round "9.7"]
[White "Mas Recorda, Pere"]
[Black "Parra Bola, Jose M"]
[Result "1-0"]
[WhiteElo "2016"]
[BlackElo "2143"]
[PlyCount "37"]
[EventDate "2007.03.09"]

1. f4 f5 2. Nf3 Nf6 3. b3 d5 4. Bb2 e6 5. e3 Bd6 6. c4 c6 7. Be2 Qe7 8. O-O O-O
9. Ne5 Nbd7 10. d3 Bc7 11. Nd2 Nxe5 12. fxe5 Nd7 13. d4 b6 14. Rc1 c5 15. cxd5
exd5 16. Bd3 g6 17. Qe2 Re8 18. Bb5 a6 19. Bc6 1-0

[Event "X Obert Int Vila de Canovelles 2007"]
[Site "Canovelles (Spain)"]
[Date "2007.05.11"]
[Round "9.9"]
[White "Veciana Francesch, Josep"]
[Black "Alcazar Pascual, Luis"]
[Result "0-1"]
[WhiteElo "1806"]
[BlackElo "1978"]
[PlyCount "37"]
[EventDate "2007.03.09"]

1. e4 d5 2. exd5 Qxd5 3. Nf3 Bg4 4. Be2 Nc6 5. Nc3 Qa5 6. O-O O-O-O 7. a3 e5 8.
b4 Bxb4 9. Bb2 Bc5 10. d3 f5 11. Ng5 Bxe2 12. Qxe2 Rd7 13. Nf3 Nf6 14. Kh1 Re8
15. Nd2 Bd4 16. Nb3 Qa6 17. Qf3 g6 18. Nd1 e4 19. dxe4 0-1

[Event "X Obert Int Vila de Canovelles 2007"]
[Site "Canovelles (Spain)"]
[Date "2007.03.09"]
[Round "9.10"]
[White "Molano Lafuente, Ismael"]
[Black "Trafi Guillaume, Joaquin"]
[Result "1-0"]
[WhiteElo "1913"]
[BlackElo "1817"]
[PlyCount "110"]
[EventDate "2007.??.??"]

1. f4 d5 2. Nf3 Bg4 3. Ne5 h5 4. h3 Bd7 5. e3 e6 6. Qf3 Nf6 7. Bd3 Bd6 8. O-O
Nc6 9. Qg3 Qe7 10. b3 O-O-O 11. Bb2 Rhg8 12. Qg5 Rdf8 13. Nc3 Nb4 14. a3 Nxd3
15. cxd3 g6 16. Rac1 Nh7 17. Qh6 Nf6 18. Nxd7 Qxd7 19. Na4 Ne8 20. Bd4 Kb8 21.
Bc5 f6 22. d4 Rf7 23. Bxd6 Nxd6 24. f5 Nxf5 25. Qf4 Nd6 26. Nc5 Qe7 27. a4 g5
28. Qh2 f5 29. Qe5 Re8 30. d3 Rh7 31. b4 g4 32. hxg4 hxg4 33. Kf2 Qh4+ 34. Ke2
Qe7 35. Rg1 Qg7 36. Rh1 Re7 37. Qxg7 Rhxg7 38. Rh8+ Nc8 39. b5 b6 40. Na6+ Kb7
41. Rc6 e5 42. Rf6 Rgf7 43. Rxf7 Rxf7 44. dxe5 Re7 45. d4 c5 46. bxc6+ Kxa6 47.
Rxc8 Ka5 48. Rd8 Rc7 49. Rxd5+ Kxa4 50. Rd7 Rxc6 51. Rxa7+ Kb3 52. Kf2 b5 53.
d5 Rc5 54. Rd7 b4 55. e6 Kc3 1-0